000 00224 a2200097 4500
001 38404
100 _aBowman C
245 _aManagement in practice
260 _aG Br
_bButter worth Heinemann
_c1996
090 _c24390
_d24390
942 _aNUST-CAE
_cM
_c15992
999 _c273477
_d273477